000 00682nam a2200217 a 4500
001 13911
003 BD-JhCC
005 20240514200550.0
008 171019s2001 bg |||| ||a| 000 0 ben d
020 _a984458307
035 _a(BD-JhCC)13911
040 _aBD-JhCC
_dBD-JhCC
041 _aben
082 _a304.28
_bIBR 2001
100 _a ইব্রাহিম, মুহাম্মদ
245 _a পরিবেশ ও নগরজীবন /
_cমুহাম্মদ ইব্রাহিম
260 _aঢাকা :
_bসময় প্রকাশন;
_c২০০১.
300 _a151 p. ;
_c22 cm.
650 _aEnvironmental Management
942 _2ddc
_cBK
999 _c13911
_d13911